The neoclassical epic-1650-1720 : (Record no. 128402)

MARC details
000 -LEADER
fixed length control field 00707nam a22002417a 4500
005 - DATE AND TIME OF LATEST TRANSACTION
control field 20170124110039.0
010 ## - LIBRARY OF CONGRESS CONTROL NUMBER
LC control number 612997
020 ## - INTERNATIONAL STANDARD BOOK NUMBER
Terms of availability 00.00
035 ## - SYSTEM CONTROL NUMBER
System control number 612997
037 ## - SOURCE OF ACQUISITION
Source of stock number/acquisition Cen Lib/Ret
040 ## - CATALOGING SOURCE
Original cataloging agency DPL
Language of cataloging EN
082 ## - DEWEY DECIMAL CLASSIFICATION NUMBER
Classification number 881.08
Item number TUL
100 ## - MAIN ENTRY--PERSONAL NAME
Personal name Tulsiram
9 (RLIN) 23279
245 ## - TITLE STATEMENT
Title The neoclassical epic-1650-1720 :
Remainder of title an ethical and historical interpretation /
Statement of responsibility, etc by Tulsiram
260 ## - PUBLICATION, DISTRIBUTION, ETC. (IMPRINT)
Place of publication, distribution, etc Delhi
Name of publisher, distributor, etc National Publishing house
Date of publication, distribution, etc 1971
270 ## - ADDRESS
Address 23,Dary Ganj
City Delhi
Postal code 110006
300 ## - PHYSICAL DESCRIPTION
Extent 358p.
Dimensions 21cm(Hb)
500 ## - GENERAL NOTE
General note Includes index
650 ## - SUBJECT ADDED ENTRY--TOPICAL TERM
Topical term or geographic name as entry element English poetry
9 (RLIN) 23280
650 ## - SUBJECT ADDED ENTRY--TOPICAL TERM
Topical term or geographic name as entry element Neoclassicism (Literature)
9 (RLIN) 23281
700 ## - ADDED ENTRY--PERSONAL NAME
9 (RLIN) 23233
942 ## - ADDED ENTRY ELEMENTS (KOHA)
Source of classification or shelving scheme Dewey Decimal Classification
Koha item type English Books
Classification part 881.08
Call number suffix TUL
Holdings
Withdrawn status Lost status Damaged status Not for loan Home library Current library Date acquired Source of acquisition Cost, normal purchase price Total Checkouts Full call number Barcode Date last seen Copy number Cost, replacement price Price effective from Koha item type
        Central Library Central Library 02/07/2015 Cen Lib/Ret 0.00   881.08 TUL 612997 02/07/2015 1 0.00 02/07/2015 English Books

© Delhi Public Library
Hit Counter
free hit counter